000 00569nam a2200193 i 4500
003 OSt
005 20151128080119.0
008 020226s1967 espa j 001 spa d
040 _cBMC
082 _a862
100 1 _963
_aCervantes Saavedra, Miguel
_d1547-1616
245 1 0 _aEntremeses
_cMiguel de Cervantes ; introducción y notas, María del Pilar Palomo
260 _aMadrid
_bLa Muralla
_c1967
300 _a221 p.
_c18 cm
490 _aLiteratura año 2000
_v4
650 2 4 _92144
_aTeatro español
700 1 _930986
_aPalomo, María del Pilar
942 _2ddc
_cBK
999 _c23634
_d23634